|
|
|
|
| LEADER |
00000nas a22000004a 4500 |
| 001 |
vtls008884303 |
| 003 |
SK-MaSNL |
| 005 |
20260228162241.0 |
| 008 |
160627c19899999xxumr p 0 0 b0eng d |
| 022 |
|
|
|a 1041-7915
|
| 035 |
|
|
|a (SVKBB03)vtls000147625
|
| 040 |
|
|
|a SVKBB
|b slo
|c SVKBB
|d SNK
|e AACR2
|
| 041 |
0 |
|
|a eng
|
| 044 |
|
|
|a xxu
|c US
|
| 080 |
|
|
|a 026/027
|2 2001
|
| 080 |
|
|
|a 681.5
|2 2001
|
| 080 |
|
|
|a 050
|2 2001
|
| 080 |
|
|
|a 004
|2 2001
|
| 210 |
0 |
|
|a Comput. libr.
|
| 222 |
|
0 |
|a Computers in libraries
|
| 245 |
0 |
0 |
|a Computers in libraries
|b complete coverage of library information technology
|
| 260 |
|
|
|a Medford
|b Information Today
|c 1989-
|
| 300 |
|
|
|a zv.
|b ilustr.
|c 28 cm
|
| 310 |
|
|
|a 10x ročne
|
| 500 |
|
|
|a Popis podľa: Vol. 28, no. 1 (Jan. 2008)
|
| 650 |
0 |
7 |
|a knižnice
|2 SNKPH
|9 17965
|
| 650 |
0 |
7 |
|a automatizácia
|2 SNKPH
|9 1428
|
| 650 |
0 |
7 |
|a informačné technológie
|2 SNKPH
|9 1527
|
| 856 |
4 |
|
|u http://www.infotoday.com/cilmag/ciltop.htm
|
| 856 |
4 |
|
|u http://www.librarytechnology.org/ltg-displaytext.pl?RC=15788
|
| 910 |
|
|
|a snk
|
| 999 |
|
|
|c 7285
|d 9215
|
| 952 |
|
|
|0 0
|1 0
|4 0
|7 0
|8 4
|a SNK
|b SNK
|d 2014-10-20
|i snk2014/22480
|l 0
|o snkČB 5814/28/2008
|p 17A0870362
|r 2026-02-21 19:44:55
|t č. 1-10
|w 2026-02-21
|y NEVYP
|
| 952 |
|
|
|0 0
|1 0
|4 0
|7 0
|8 4
|a SNK
|b SNK
|d 2014-12-15
|i snk2014/27845
|l 0
|o snkČB 5814/29/2009
|p 17A0870858
|r 2026-02-21 20:42:28
|t č. 1-12 úplný
|w 2026-02-21
|y PREZ
|
| 952 |
|
|
|0 0
|1 0
|4 0
|7 0
|8 4
|a SNK
|b SNK
|d 2014-12-15
|i snk2014/27848
|l 0
|o snkČB 5814/30/2010
|p 17A0870857
|r 2026-02-21 20:42:30
|t č. 1-10 úplný
|w 2026-02-21
|y PREZ
|
| 952 |
|
|
|0 0
|1 0
|4 0
|7 0
|8 4
|a SNK
|b SNK
|d 2015-05-20
|i snk2015/16310
|l 0
|o snkČB 5814/33/2013
|p 17A1096623
|r 2026-02-21 21:35:00
|t č. 1-10
|w 2026-02-21
|y PREZ
|
| 952 |
|
|
|0 0
|1 0
|4 0
|7 0
|8 4
|a SNK
|b SNK
|d 2014-10-20
|i snk2014/22496
|l 0
|o snkČB 5814/31/2011
|p 17A0870363
|r 2026-02-21 21:41:13
|t č. 1-10
|w 2026-02-21
|y NEVYP
|
| 952 |
|
|
|0 0
|1 0
|4 0
|7 0
|8 4
|a SNK
|b SNK
|d 2014-10-20
|i snk2014/22498
|l 0
|o snkČB 5814/32/2012
|p 17A0870381
|r 2026-02-21 21:41:13
|t č. 1-10, neúpl.
|w 2026-02-21
|y NEVYP
|z chýba č. 10
|
| 952 |
|
|
|0 0
|1 0
|4 0
|7 1
|8 4
|a SNK
|b SNK
|d 2016-08-03
|i snk2016/18533
|l 0
|o snkČB 5814/34/2014
|p 17A1100408
|r 2026-02-21 21:54:38
|t č. 1-10
|w 2026-02-21
|y NEVYP
|
| 952 |
|
|
|0 0
|1 0
|4 0
|7 0
|8 4
|a SNK
|b SNK
|d 2017-10-24
|i snk2017/23378
|l 0
|o snkČB 5814/35/2015
|p 17A1264171
|r 2026-02-21 22:04:50
|t č. 1-10
|w 2026-02-21
|y PREZ
|